01458nam a2200373 a 4500001001200000003000800012006001900020007001500039008004100054010001700095020001500112020002200127020002900149020002500178020002700203040002100230035002100251050002700272082001900299100002300318245012400341260006500465300001100530500003400541504005600575533015200631650004500783650004500828655002900873700002200902710001700924856012600941999001701067ebr10715708CaPaEBRm o u cr cn|||||||||051229s2005 enk sbd 000 0 eng d z 2004099431 z0761970940 z0761970959 (pbk.) z9780761970941 (hardback) z9780761970958 (pbk.) z9781446211052 (e-book) aCaPaEBRcCaPaEBR a(OCoLC)80996393614aRC489.E93bV357 2005eb04a616.8914032221 aVan Deurzen, Emmy.10aDictionary of existential psychotherapy and counsellingh[electronic resource] /cEmmy van Deurzen and Raymond Kenward. aLondon ;aThousand Oaks, Calif. :bSage Publications,c2005. a228 p. aReprinted 2009, 2011 (twice). aIncludes bibliographical references (p. [222]-228). aElectronic reproduction.bPalo Alto, Calif. :cebrary,d2013.nAvailable via World Wide Web.nAccess may be limited to ebrary affiliated libraries. 0aExistential psychotherapyvDictionaries. 0aPsychoanalytic counselingvDictionaries. 7aElectronic books.2local1 aKenward, Raymond.2 aebrary, Inc.40uhttp://site.ebrary.com/lib/rucke/Doc?id=10715708zAn electronic book accessible through the World Wide Web; click to view c27840d27840